Przykład | Odpowiedź | % Poprawnych |
---|---|---|
5/5 | 1 | 99%
|
10/5 | 2 | 99%
|
6•5 | 30 | 99%
|
2•2 | 4 | 99%
|
100-46 | 54 | 99%
|
26+64= | 90 | 99%
|
45+45= | 90 | 99%
|
47-35 | 12 | 98%
|
1 ⁷ | 1 | 95%
|
4 ⁵ | 1024 | 72%
|
Prawa autorskie należą do H Brothers Inc., 2008–2024
Kontakt | Przewiń w górę | Wersja na telefon